ბათუმის შოთა რუსთაველის სახელმწიფო უნივერსიტეტის ბიბლიოთეკა

Человеческий фактор. Успешные проекты и команды / (ბიბ.ჩანაწერი № 62551)

000 -LEADER
fixed length control field 00781nam a22002057a 4500
005 - DATE AND TIME OF LATEST TRANSACTION
control field 20241205164709.0
008 - FIXED-LENGTH DATA ELEMENTS--GENERAL INFORMATION
fixed length control field 241205s2014 ru ||||| |||| 00| 0 r d
020 ## - INTERNATIONAL STANDARD BOOK NUMBER
International Standard Book Number 9785932862179x
041 ## - LANGUAGE CODE
Language code of text/sound track or separate title rus
080 ## - UNIVERSAL DECIMAL CLASSIFICATION NUMBER
Universal Decimal Classification number 005:004 Д-30
100 ## - MAIN ENTRY--PERSONAL NAME
Personal name Демарко, Том
9 (RLIN) 23868
245 ## - TITLE STATEMENT
Title Человеческий фактор. Успешные проекты и команды /
Statement of responsibility, etc. Том Демарко и Тимоти Листер.
250 ## - EDITION STATEMENT
Edition statement 3-е изд.
264 ## - PRODUCTION, PUBLICATION, DISTRIBUTION, MANUFACTURE, AND COPYRIGHT NOTICE
Place of production, publication, distribution, manufacture Санкт-Петербург :
Name of producer, publisher, distributor, manufacturer Символ-Плюс,
Date of production, publication, distribution, manufacture, or copyright notice 2014.
300 ## - PHYSICAL DESCRIPTION
Extent 288 стр. ;
Other physical details 21 см.
653 ## - INDEX TERM--UNCONTROLLED
keyword მენეჯმენტი
653 ## - INDEX TERM--UNCONTROLLED
keyword პროგრამირება
700 ## - ADDED ENTRY--PERSONAL NAME
Personal name Листер, Тимоти
Relator term ავტორი
9 (RLIN) 23869
942 ## - ADDED ENTRY ELEMENTS (KOHA)
Source of classification or shelving scheme
Koha item type წიგნი
ეგზემპლარები
Withdrawn status Lost status Source of classification or shelving scheme Damaged status Not for loan Permanent Location Current Location Shelving location Date acquired Cost, normal purchase price Full call number Barcode Date last seen Copy number Price effective from Koha item type Public note
          ბათუმის შოთა რუსთაველის სახელმწიფო უნივერსიტეტის მთავარი ბიბლიოთეკა ბათუმის შოთა რუსთაველის სახელმწიფო უნივერსიტეტის მთავარი ბიბლიოთეკა წიგნსაცავი 2024-12-05 258.00 005:004 Д-30 69923 2024-12-05 69923 2024-12-05 წიგნი 258 ლ.